01015 a2200217 45000010006000000050017000060080041000230030015000640400040000790800045001192450062001640200022002262640035002483000019002835050390003020410008006921000030007007000021007307000028007517000018007796057920260407155857.0260407a1996 arg spa dAR-UNSa-BCEJYS aAR-UNSa-BCEJYSbspacAR-UNSa-BCEJYS a37.015.3xPsicología de la educación10aPiaget-VigotskypContribuciones para replantear el debate a978-950-12-2121-3 1aBuenos Aires :bPaidósc1996 a139 p.c22 cm. a1. El debate Piaget-Vigotsky: la búsqueda de un criterio para su evaluación / José Antonio Castorina – 2. Pensar la educación: las contribuciones de Vigotsky, Marta Kohl de Oliveira – 3. La enseñanza y el aprendizaje escolar. Alegato contra una falsa oposición / Delia Lerner – 4. Acerca de la necesaria coordinación entre semejanzas y diferencias / Emilia Ferreiro aspa1 aCastorina, José Antonio1 aFerreiro, Emilia1 aKohl de Oliveira, Marta1 aLerner, Delia